Quantitative indicators of energy security

Indikátory energetickej bezpečnosti. Kvantitatívne metódy merania energetickej bezpečnosti. Index diverzifikácie energetických zdrojov.

Salvato in:
Dettagli Bibliografici
Autore principale: Bocora, Ján
Natura: Capitolo di libro
Lingua:inglese
Soggetti:
Tags: Aggiungi Tag
Nessun Tag, puoi essere il primo ad aggiungerne!!

MARC

LEADER 00000nla$a2200000$$$4500
001 0142386
005 20240502072542.7
041 0 |a eng 
044 |a SK 
245 1 0 |a Quantitative indicators of energy security  |c Ján Bocora 
520 |a Indikátory energetickej bezpečnosti. Kvantitatívne metódy merania energetickej bezpečnosti. Index diverzifikácie energetických zdrojov. 
610 2 0 |a bezpečnosť energetická 
610 2 0 |a zdroje energetické 
610 2 0 |a indexy 
610 2 0 |a metódy kvantitatívne 
610 2 0 |a diverzifikácia 
100 1 |a Bocora, Ján